000 01000nam a2200301 i 4500
001 bg
003 BPK
005 20200604080006.0
008 021026s2001 pl a f f |000 0 pol
015 _aPB 2002/891
020 _a8388283774
040 _aWA N
_cBPK
041 0 _apol
080 _a624.97
080 _a(075.8)
100 1 _aMeller, Mariusz
_eAutor
245 1 0 _aKominy przemysłowe /
_cMariusz Meller, Marcin Pacek ; Politechnika Koszalińska.
260 _aKoszalin :
_bWydaw. Uczelniane PK,
_c2001.
300 _a258 s. :
_bil., mapa ;
_c25 cm.
504 _aBibliogr.
521 8 _aSkrypt Wydz. Budownictwa i Inżynierii Środowiska.
655 4 _aPodręczniki akademickie
650 4 _aKominy fabryczne
700 1 _aPacek, Marcin.
710 2 _aPolitechnika Koszalińska.
_bWydawnictwo Uczelniane.
_4pbl.
942 _2UKD
_cKS
856 _uhttp://koha.tu.koszalin.pl/cgi-bin/koha/opac-detail.pl?biblionumber=40360
_yKatalog online BPK
999 _c40360
_d40360